Theory and practice of Psychological Testing (Record no. 24111)
[ view plain ]
| 000 -LEADER | |
|---|---|
| fixed length control field | 00250nam a2200085Ia 4500 |
| 008 - FIXED-LENGTH DATA ELEMENTS--GENERAL INFORMATION | |
| fixed length control field | 170620s9999 xx 000 0 und d |
| 100 ## - MAIN ENTRY--PERSONAL NAME | |
| Personal name | Freeman- Frank S. |
| 245 #0 - TITLE STATEMENT | |
| Title | Theory and practice of Psychological Testing |
| 260 ## - PUBLICATION, DISTRIBUTION, ETC. | |
| Name of publisher, distributor, etc. | New Delhi- Oxford & IBH Publishing Co. |
| 260 ## - PUBLICATION, DISTRIBUTION, ETC. | |
| Date of publication, distribution, etc. | 2006 |
| Withdrawn status | Lost status | Source of classification or shelving scheme | Damaged status | Not for loan | Home library | Current library | Date acquired | Source of acquisition | Total Checkouts | Total Renewals | Barcode | Date last seen | Date last checked out | Price effective from | Koha item type |
|---|---|---|---|---|---|---|---|---|---|---|---|---|---|---|---|
| IIMT University College of Education | IIMT University College of Education | 07/03/2017 | 84 | 1 | 2 | 05-B-4793 | 01/27/2022 | 12/19/2020 | 07/03/2017 | Text-Book- for 7 days |

